|
|
|
|
| LEADER |
03437nam a22004213i 4500 |
| 001 |
EBC5925772 |
| 003 |
MiAaPQ |
| 005 |
20231204023214.0 |
| 006 |
m o d | |
| 007 |
cr cnu|||||||| |
| 008 |
231204s2019 xx o ||||0 eng d |
| 020 |
|
|
|a 9783662595862
|q (electronic bk.)
|
| 020 |
|
|
|z 9783662595855
|
| 035 |
|
|
|a (MiAaPQ)EBC5925772
|
| 035 |
|
|
|a (Au-PeEL)EBL5925772
|
| 035 |
|
|
|a (OCoLC)1117469735
|
| 040 |
|
|
|a MiAaPQ
|b eng
|e rda
|e pn
|c MiAaPQ
|d MiAaPQ
|
| 050 |
|
4 |
|a HD62.5
|
| 100 |
1 |
|
|a Elert, Niklas.
|
| 245 |
1 |
4 |
|a The Entrepreneurial Society :
|b A Reform Strategy for the European Union.
|
| 250 |
|
|
|a 1st ed.
|
| 264 |
|
1 |
|a Berlin, Heidelberg :
|b Springer Berlin / Heidelberg,
|c 2019.
|
| 264 |
|
4 |
|c ©2019.
|
| 300 |
|
|
|a 1 online resource (180 pages)
|
| 336 |
|
|
|a text
|b txt
|2 rdacontent
|
| 337 |
|
|
|a computer
|b c
|2 rdamedia
|
| 338 |
|
|
|a online resource
|b cr
|2 rdacarrier
|
| 490 |
1 |
|
|a International Studies in Entrepreneurship Series ;
|v v.43
|
| 505 |
0 |
|
|a The Entrepreneurial Society -- Preface -- Acknowledgments -- Contents -- About the Authors -- 1: Introduction: Why Entrepreneurship? -- 1.1 Entrepreneurship as a Source of Growth and Inclusion -- 1.2 The Collaborative Innovation Bloc -- 1.3 No One-Size-Fits-All Strategy -- 1.4 Principles -- 1.5 Book Outline -- 2: Entrepreneurship, the Rule of Law, and Protection of Property Rights -- 2.1 General Principles -- 2.2 Proposals -- 2.3 Summary -- 3: Taxation and Entrepreneurship -- 3.1 General Principles -- 3.2 Proposals -- 3.2.1 Labor Taxation -- 3.2.2 Corporate Taxation -- 3.2.3 Taxation of Dividends and Capital Gains -- 3.2.4 Taxation of Private Wealth -- 3.2.5 Tax Neutral Treatment of Equity and Debt -- 3.2.6 Taxation of Stock Options -- 3.3 Summary -- 4: Savings, Finance, and Capital for Entrepreneurial Ventures -- 4.1 General Principles -- 4.2 Proposals -- 4.2.1 Financing Early-Stage Venturing -- 4.2.2 Financing Scale Ups -- 4.2.3 The Role of Banks -- 4.2.4 Experimenting with New Technology to Finance Venturing in All Stages -- 4.3 Summary -- 5: Labor Markets and Social Security in the Entrepreneurial Society -- 5.1 General Principles -- 5.2 Proposals -- 5.2.1 Employment Protection Legislation -- 5.2.2 Social Insurance Systems -- 5.3 Summary -- 6: Contestable Markets for Entry and Exit -- 6.1 General Principles -- 6.2 Proposals -- 6.2.1 Regulations of Goods and Service Markets -- 6.2.2 Bankruptcy Law and Insolvency Regulation -- 6.3 Summary -- 7: Mobilizing Human Capital for Entrepreneurship -- 7.1 General Principles -- 7.2 Proposals -- 7.3 Summary -- 8: Making Entrepreneurship Policy or Entrepreneurial Policymaking -- Appendix -- References.
|
| 588 |
|
|
|a Description based on publisher supplied metadata and other sources.
|
| 590 |
|
|
|a Electronic reproduction. Ann Arbor, Michigan : ProQuest Ebook Central, 2023. Available via World Wide Web. Access may be limited to ProQuest Ebook Central affiliated libraries.
|
| 655 |
|
4 |
|a Electronic books.
|
| 700 |
1 |
|
|a Henrekson, Magnus.
|
| 700 |
1 |
|
|a Sanders, Mark.
|
| 776 |
0 |
8 |
|i Print version:
|a Elert, Niklas
|t The Entrepreneurial Society
|d Berlin, Heidelberg : Springer Berlin / Heidelberg,c2019
|z 9783662595855
|
| 797 |
2 |
|
|a ProQuest (Firm)
|
| 830 |
|
0 |
|a International Studies in Entrepreneurship Series
|
| 856 |
4 |
0 |
|u https://ebookcentral.proquest.com/lib/matrademy/detail.action?docID=5925772
|z Click to View
|